A Text Book of Engineering Mathematics - 2 (Record no. 911)

MARC details
000 -LEADER
fixed length control field 00352nam a22001337a 4500
041 ## - LANGUAGE CODE
Language code of text/sound track or separate title ENG
100 ## - MAIN ENTRY--PERSONAL NAME
Personal name Gokhale.M.Y
245 ## - TITLE STATEMENT
Title A Text Book of Engineering Mathematics - 2
260 ## - PUBLICATION, DISTRIBUTION, ETC. (IMPRINT)
Place of publication, distribution, etc Pune
Name of publisher, distributor, etc Nirali Prakashan
Date of publication, distribution, etc 2004
300 ## - PHYSICAL DESCRIPTION
Extent 12.49
650 ## - SUBJECT ADDED ENTRY--TOPICAL TERM
Topical term or geographic name as entry element Competitlve Exam
700 ## - ADDED ENTRY--PERSONAL NAME
Personal name Mujumdar.N.S,Kulkarni.S.S,Singh.A.N
856 ## - ELECTRONIC LOCATION AND ACCESS
Uniform Resource Identifier Competitlve Exam ( 36 )
Holdings
Withdrawn status Lost status Source of classification or shelving scheme Damaged status Not for loan Home library Current library Shelving location Date acquired Cost, normal purchase price Total Checkouts Barcode Date last seen Price effective from Koha item type
    Dewey Decimal Classification     College of Agricultural Engineering and Technology, Dapoli , Library College of Agricultural Engineering and Technology, Dapoli , Library Book Cart 08/09/2021 225.00   003778 08/09/2021 08/09/2021 Books
    Dewey Decimal Classification     College of Agricultural Engineering and Technology, Dapoli , Library College of Agricultural Engineering and Technology, Dapoli , Library Book Cart 08/09/2021 225.00   003779 08/09/2021 08/09/2021 Books

Contact Us: College of Agricultural Engineering and Technology, Dapoli, Dist.- Ratnagiri
Website: https://dbskkv.org Email: caetlibrary2015@gmail.com